000 00329 a2200157 4500
001 190485
020 _a1-4050-5727-0
040 _cMagnum
100 _aPalin, Cheryl
240 1 0 _aPip the pirate
_lING
245 1 0 _aPip the pirate
300 _a13
362 0 _a2004
697 _aLITERATURA INFANTIL INGLESA
942 _cBK
999 _c190485
_d190485